00489nam a22001697a 450000500170000001000150001702000260003203500140005803700130007208200080008510000150009324500900010826000360019827000400023430000260027450000190030020230317145518.0 aENG-118475 a9788185990736c250.00 aEN-102007 bDBAD/PUB a270 aRam Swarup aUnderstanding Islam through Hadis :bReligious faith or fanaticism ? /cBy Ram Swarup aNew DelhibVoice Of Indiac2012 a2/18,Ansari RoadbNew Delhie110002 axvii,257p.c22cm(pbk) aIncludes index